[Event "POHÁR města Říčany 2023"]
[Site "Městské kulturní středisko U labutě"]
[Date "2023.08.29"]
[Round "5.31"]
[White "Pogorelskiy, Boris"]
[Black "Cervenka, Petr"]
[Result "1-0"]
[WhiteElo "1445"]
[BlackElo "1869"]
[WhiteFideId "34365478"]
[BlackFideId "312444"]
[PlyCount "0"]
[EventDate "2023.08.26"]

1. e4 e6 2. d4 d5 3. exd5 exd5 4. c4 dxc4 5. Bxc4 Bd6 6. Nf3 Bg4 7. O-O Qf6
8. Bg5 Qg6 9. Re1+ Ne7 10. Bxe7 Bxe7 11. Qa4+ Bd7 12. Qb3 Qf6 13. Qxb7 O-O
14. Qxa8 Bc6 15. Qxa7 Bxf3 16. gxf3 Bd6 17. Qb7 Qxd4 18. Bxf7+ Kh8 19. Qd5 Qf4
20. Nc3 Nd7 21. Re8 Qxh2+ 22. Kf1 Qh1+ 23. Ke2 Qxa1 24. Rxf8+ Nxf8 25. Qd2 Qh1
26. Nb5 Qh4 27. Nxd6 Qe7+ 28. Kf1 cxd6 29. Bd5 Qd7 30. Qb4 h5 31. a4 g5 32. a5
Qc7 33. Qc3+ Qxc3 34. bxc3 Nd7 35. a6 Kg7 36. a7 Nb6 37. a8=Q Nxa8 38. Bxa8 Kf6
39. Kg2 Ke5 40. Kg3 Kf5 41. Be4+ Ke5 42. Bg6 h4+ 43. Kg4 Kf6 44. Be4 Ke5 45. c4
Kf6 46. f4 gxf4 47. Kxf4 h3 48. Kg3 Ke5 49. f3 Kd4 50. Bd5 Ke3 51. Kxh3 Kf4
52. Kh4 Kf5 53. Kg3 Ke5 54. Kg4 Kf6 1-0

[Event "POHÁR města Říčany 2023"]
[Site "Městské kulturní středisko U labutě"]
[Date "2023.08.29"]
[Round "5.32"]
[White "Kovar, Jan"]
[Black "Tichy, Tomas"]
[Result "1-0"]
[WhiteElo "1810"]
[BlackElo "1634"]
[WhiteFideId "354015"]
[BlackFideId "23715430"]
[PlyCount "0"]
[EventDate "2023.08.26"]

1. e4 c5 2. Nf3 Nc6 3. Bb5 g6 4. O-O Bg7 5. Re1 Nf6 6. e5 Nd5 7. Nc3 Nc7
8. Bxc6 dxc6 9. Ne4 b6 10. h3 O-O 11. d3 Ne6 12. a3 Qc7 13. Ng3 Rd8 14. Qe2 Nd4
15. Nxd4 cxd4 16. Bf4 e6 17. Bg5 Rd5 18. f4 h6 19. Bh4 f5 20. exf6 Qxf4 21. fxg7
Qxh4 22. Qf2 Qe7 23. Re4 Qxg7 24. Rf4 Rd7 25. Rf1 Bb7 26. Ne4 e5 27. Rf6 c5
28. Qg3 Bxe4 29. dxe4 g5 30. Qxe5 Kh7 31. Qf5+ Kh8 32. Rg6 Qe7 33. Rxh6+ Kg8
34. Rg6+ Kh8 35. Rxg5 1-0

[Event "POHÁR města Říčany 2023"]
[Site "Městské kulturní středisko U labutě"]
[Date "2023.08.29"]
[Round "5.33"]
[White "Horyna, Josef"]
[Black "Dudarec, Elias"]
[Result "1/2-1/2"]
[WhiteElo "1689"]
[BlackElo "1380"]
[WhiteFideId "316369"]
[BlackFideId "23714930"]
[PlyCount "0"]
[EventDate "2023.08.26"]

1. d4 Nf6 2. Nf3 g6 3. g3 Bg7 4. Bg2 O-O 5. O-O d5 6. c3 Bf5 7. Nbd2 c6 8. Re1
Nbd7 9. c4 e6 10. Qb3 b6 11. e3 Re8 12. Ne5 Nxe5 13. dxe5 Nd7 14. f4 Nc5 15. Qd1
Qc7 16. e4 dxe4 17. Nxe4 Nxe4 18. Bxe4 Rad8 19. Qc2 Bxe4 20. Qxe4 f5 21. Qc2 Rd7
22. Be3 c5 23. Rad1 Red8 24. Rxd7 Qxd7 25. Re2 Qc6 26. Rd2 Rxd2 27. Qxd2 Qc7
28. b3 1/2-1/2

[Event "POHÁR města Říčany 2023"]
[Site "Městské kulturní středisko U labutě"]
[Date "2023.08.29"]
[Round "5.34"]
[White "Stufka, Martin"]
[Black "Svadlenka, Michal"]
[Result "0-1"]
[WhiteElo "1258"]
[BlackElo "1556"]
[WhiteFideId "23748800"]
[BlackFideId "23717068"]
[PlyCount "0"]
[EventDate "2023.08.26"]

1. d4 Nf6 2. c4 g6 3. g3 Bg7 4. Bg2 O-O 5. Nf3 d6 6. O-O Nbd7 7. Nc3 e5 8. Rb1
Re8 9. b3 exd4 10. Nxd4 Nb6 11. Bb2 c6 12. e3 d5 13. cxd5 Nfxd5 14. Nxd5 Nxd5
15. Qc2 Nb4 16. Qc4 Qb6 17. Rfd1 c5 18. Nb5 Be6 19. Qe2 Bxb2 20. Rxb2 Rad8
21. Rbd2 a6 22. Nc3 Rxd2 23. Rxd2 Qc7 24. Qf3 Qe5 25. Ne4 Re7 26. Nf6+ Kg7
27. Rd8 Bf5 28. Nd5 Qa1+ 29. Bf1 Bd3 30. Qf6+ Qxf6 31. Nxf6 Bxf1 32. Ne8+ Rxe8
33. Rxe8 Bb5 34. Rd8 Nxa2 35. Rd2 Nc1 36. Rb2 Nd3 37. Rc2 Kf6 38. f3 b6 39. h4
Bc6 40. Rd2 Ne5 41. Kf2 Ke6 42. e4 b5 43. f4 Ng4+ 44. Ke2 Bxe4 45. Rd8 Bd5
46. Rb8 Bxb3 47. Rb6+ Kd5 48. Rxa6 b4 49. Ra7 Kd4 50. Rd7+ Kc3 51. Rd3+ Kb2
52. Rd2+ Ka3 53. Kf3 h5 54. Rd6 c4 55. Ke2 c3 56. Rc6 Kb2 0-1

[Event "POHÁR města Říčany 2023"]
[Site "Městské kulturní středisko U labutě"]
[Date "2023.08.29"]
[Round "5.35"]
[White "Petr, Jakub"]
[Black "Simak, Ivo"]
[Result "1-0"]
[WhiteElo "2238"]
[BlackElo "1575"]
[WhiteFideId "371718"]
[BlackFideId "390879"]
[PlyCount "0"]
[EventDate "2023.08.26"]

1. e4 e5 2. Nf3 Nc6 3. Bb5 Nge7 4. O-O a6 5. Ba4 h6 6. c3 d5 7. Nxe5 b5 8. Nxc6
Nxc6 9. exd5 Qxd5 10. Bb3 Qf5 11. d4 Be7 12. Re1 O-O 13. Bc2 Qf6 14. Qd3 g6
15. Bxh6 Re8 16. Qg3 Kh7 17. Bg5 Qg7 18. Nd2 Bxg5 19. Qxg5 Bd7 20. Re4 1-0

[Event "POHÁR města Říčany 2023"]
[Site "Městské kulturní středisko U labutě"]
[Date "2023.08.29"]
[Round "5.36"]
[White "Dudkova, Josefina"]
[Black "Havelka, Petr"]
[Result "1/2-1/2"]
[WhiteElo "1587"]
[BlackElo "1782"]
[WhiteFideId "23712350"]
[BlackFideId "323560"]
[PlyCount "0"]
[EventDate "2023.08.26"]

1. d4 d5 2. Bf4 Nf6 3. e3 Bf5 4. c4 e6 5. Nc3 c6 6. Qb3 b6 7. cxd5 Nxd5 8. Bg3
Bb4 9. Nf3 O-O 10. Be2 Nxc3 11. bxc3 Bd6 12. Ne5 Bxe5 13. Bxe5 Qd5 14. O-O Rc8
15. Bf3 Qxb3 16. axb3 Nd7 17. Bf4 Nf6 18. c4 Be4 19. Ra6 Bc2 20. b4 Bd3 21. Rc1
Nd5 22. cxd5 Bxa6 23. dxc6 Re8 24. c7 Rac8 25. Ra1 e5 26. Bxe5 Rxe5 27. dxe5
Rxc7 28. h3 1/2-1/2

[Event "POHÁR města Říčany 2023"]
[Site "Městské kulturní středisko U labutě"]
[Date "2023.08.29"]
[Round "5.37"]
[White "Slivova, Linda"]
[Black "Sedmihradsky, Tomas"]
[Result "0-1"]
[WhiteElo "1586"]
[BlackElo "1768"]
[WhiteFideId "23709294"]
[BlackFideId "23709936"]
[PlyCount "0"]
[EventDate "2023.08.26"]

1. e4 e5 2. Nc3 Nc6 3. g3 Bc5 4. Bg2 d6 5. Na4 Bb6 6. Nxb6 axb6 7. Ne2 Be6
8. d3 Qd7 9. O-O Nge7 10. a3 O-O-O 11. Bd2 Bg4 12. a4 h5 13. Qe1 h4 14. f3 Bh3
15. Bxh3 Qxh3 16. g4 Nd4 17. Nxd4 exd4 18. Qf2 Nc6 19. a5 bxa5 20. Bxa5 g6
21. Bd2 f5 22. Qg2 Qxg2+ 23. Kxg2 Kd7 24. h3 Rdf8 25. Rfe1 f4 26. Ra4 g5 27. c3
b5 28. Ra2 Ra8 29. Rea1 Rxa2 30. Rxa2 Ne5 31. cxd4 Nxd3 32. Bc3 b4 33. Bd2 Rc8
34. Ra5 c5 35. dxc5 Rxc5 36. Rxc5 dxc5 37. b3 Ne5 38. Kf2 Nc6 39. Ke2 Nd4+
40. Kd3 Nxf3 41. Bc1 Ne5+ 42. Ke2 Nc6 43. Kd3 Na5 44. Bd2 Nxb3 45. Be1 Nd4
46. Kc4 Kc6 47. e5 Nf3 48. Bf2 Nxe5+ 49. Kb3 Kb5 0-1

[Event "POHÁR města Říčany 2023"]
[Site "Městské kulturní středisko U labutě"]
[Date "2023.08.29"]
[Round "5.38"]
[White "Meca, Viktor st."]
[Black "Vajdik, Josef"]
[Result "1/2-1/2"]
[WhiteElo "1755"]
[BlackElo "1377"]
[WhiteFideId "23725672"]
[BlackFideId "23716606"]
[PlyCount "0"]
[EventDate "2023.08.26"]

1. e4 c5 2. Nf3 e6 3. d4 cxd4 4. Nxd4 a6 5. Nc3 b5 6. a3 Qc7 7. Be2 Bb7 8. O-O
Nf6 9. Bf3 d6 10. Re1 Nbd7 11. g3 Be7 12. a4 bxa4 13. Nxa4 O-O 14. b3 Nc5 15. e5
dxe5 16. Bxb7 Nxb7 17. Nf3 e4 18. Ng5 Qc6 19. Qe2 Bb4 20. c3 Bxc3 21. Nxc3 Qxc3
22. Ba3 Rfe8 23. Nxe4 Nxe4 24. Qxe4 Nc5 25. Bxc5 Qxc5 26. Rec1 Qb6 1/2-1/2

[Event "POHÁR města Říčany 2023"]
[Site "Městské kulturní středisko U labutě"]
[Date "2023.08.29"]
[Round "5.39"]
[White "Glasberger, Roman"]
[Black "Stufka, Karel"]
[Result "0-1"]
[WhiteElo "1555"]
[BlackElo "1730"]
[WhiteFideId "398799"]
[BlackFideId "303127"]
[PlyCount "0"]
[EventDate "2023.08.26"]

1. e4 c6 2. d4 d5 3. Nc3 dxe4 4. Nxe4 Nd7 5. Nf3 Ngf6 6. Ng3 e6 7. Bc4 Be7
8. O-O O-O 9. Re1 b6 10. h3 Bb7 11. Be3 Nd5 12. Qe2 N7f6 13. Rad1 Qc7 14. Bb3
Rad8 15. c4 Nxe3 16. Qxe3 Bd6 17. Ne4 Be7 18. Bc2 Nh5 19. a3 Qf4 20. Qd3 g6
21. Ne5 c5 22. g3 Qh6 23. Ng4 Qg7 24. d5 exd5 25. Nc3 dxc4 26. Qxc4 Bf6 27. Rxd8
Rxd8 28. Nxf6+ Qxf6 29. Ne4 Bxe4 30. Rxe4 Qd6 31. Bb3 Rd7 32. Re8+ Kg7 33. Qc3+
Nf6 34. g4 Qd4 35. Qxd4 Rxd4 36. Re7 Rd7 37. Re2 h5 38. g5 Ng8 39. Bc4 Ne7
40. b3 Nf5 41. Kg2 Nd4 42. Re3 Kf8 43. Re4 b5 44. Bd3 a6 45. Rf4 Ne6 46. Rf6
Rxd3 0-1

[Event "POHÁR města Říčany 2023"]
[Site "Městské kulturní středisko U labutě"]
[Date "2023.08.29"]
[Round "5.40"]
[White "Osipyan, David"]
[Black "Vit, Zdenek"]
[Result "1-0"]
[WhiteElo "1555"]
[BlackElo "1654"]
[WhiteFideId "23751827"]
[BlackFideId "23706830"]
[PlyCount "0"]
[EventDate "2023.08.26"]

1. e4 e5 2. Nf3 Nc6 3. Bc4 Bc5 4. c3 Nf6 5. d4 exd4 6. cxd4 Bb4+ 7. Bd2 Bxd2+
8. Nbxd2 d6 9. h3 O-O 10. O-O Nxe4 11. Nxe4 d5 12. Bxd5 Qxd5 13. Nc3 Qd8 14. Re1
b6 15. Qd2 Bb7 16. Rad1 Na5 17. Qd3 Bxf3 18. Qxf3 Nc4 19. b3 Nd6 20. Qc6 Rc8
21. Nd5 Re8 22. Rxe8+ Qxe8 23. Qxe8+ Rxe8 1-0

[Event "POHÁR města Říčany 2023"]
[Site "Městské kulturní středisko U labutě"]
[Date "2023.08.29"]
[Round "5.41"]
[White "Kammova, Katerina"]
[Black "Ocelak, David"]
[Result "1/2-1/2"]
[WhiteElo "1487"]
[BlackElo "1640"]
[WhiteFideId "23737336"]
[BlackFideId "23728795"]
[PlyCount "0"]
[EventDate "2023.08.26"]

1. e4 d6 2. d4 Nf6 3. Nc3 g6 4. f4 Bg7 5. Nf3 O-O 6. Be2 Nbd7 7. O-O e5 8. fxe5
dxe5 9. dxe5 Ng4 10. Bg5 Qe8 11. Nd5 Ndxe5 12. Nxe5 Qxe5 13. Ne7+ Kh8 14. Bxg4
Qxg5 15. Nxc8 f5 16. exf5 gxf5 17. Bf3 Raxc8 18. c3 Rcd8 19. Qb3 b6 20. Rad1 Be5
21. Rxd8 Rxd8 22. Rd1 Rg8 23. Qf7 Qf4 24. Qh5 Bd6 25. Kh1 Rg6 26. b3 Kg7 27. g3
Qe5 28. Qh4 c5 29. Qd8 1/2-1/2

[Event "POHÁR města Říčany 2023"]
[Site "Městské kulturní středisko U labutě"]
[Date "2023.08.29"]
[Round "5.42"]
[White "Moravec, Marek"]
[Black "Dejmek, Tomas"]
[Result "1-0"]
[WhiteElo "1449"]
[BlackElo "1626"]
[WhiteFideId "23764155"]
[BlackFideId "23719222"]
[PlyCount "0"]
[EventDate "2023.08.26"]

1. e4 e5 2. Nf3 Nc6 3. Bc4 Bc5 4. c3 Nf6 5. d4 exd4 6. e5 d5 7. Bb5 Ne4 8. cxd4
Bb4+ 9. Bd2 Nxd2 10. Nbxd2 O-O 11. Bxc6 bxc6 12. Rc1 Qd7 13. Qc2 Bb7 14. Ng5 g6
15. O-O Rab8 16. e6 fxe6 17. Ndf3 Qe7 18. h4 Bd6 19. Rfe1 Rf6 20. Ne5 Bxe5
21. Rxe5 Kg7 22. Rce1 Re8 23. h5 h6 24. Nxe6+ Rxe6 25. Rxe6 Qxe6 26. Rxe6 Rxe6
27. hxg6 Ba6 28. Qf5 Re7 29. g4 Bc4 30. a3 a6 31. Kg2 c5 32. dxc5 d4 33. Qf4
Bd5+ 34. Kg3 Be4 35. g5 hxg5 36. Qxg5 Re6 37. Kf4 d3 38. Qd8 Bxg6 39. Qxc7+ Kf6
40. Qd8+ Kf7 41. Qd5 Ke7 42. c6 Rd6 43. Qe5+ Re6 44. Qc5+ Kd8 45. Qd5+ Ke7
46. Qd7+ Kf6 47. c7 Re4+ 48. Kg3 Bf5 49. Qxf5+ Kxf5 50. c8=Q+ Ke5 51. Qc3+ Rd4
52. Qd2 Ke4 53. f4 Rd5 54. Kf2 Kd4 55. b3 Ke4 56. b4 Kd4 57. Kf3 Kc4 58. Ke3 Rd4
59. f5 Rd5 60. Qa2+ 1-0

[Event "POHÁR města Říčany 2023"]
[Site "Městské kulturní středisko U labutě"]
[Date "2023.08.29"]
[Round "5.43"]
[White "Sadil, Pavel"]
[Black "Studzinski, David"]
[Result "1/2-1/2"]
[WhiteElo "1615"]
[BlackElo "1262"]
[WhiteFideId "23710373"]
[BlackFideId "376027"]
[PlyCount "0"]
[EventDate "2023.08.26"]

1. d4 d6 2. Nf3 c6 3. e3 g6 4. Bd3 Bg7 5. c3 Nd7 6. Nbd2 d5 7. e4 dxe4 8. Nxe4
Ngf6 9. Ng3 O-O 10. O-O Re8 11. h3 e5 12. Bg5 exd4 13. Nxd4 h6 14. Bxf6 Nxf6
15. Qc2 Kh7 16. Rad1 Qb6 17. Kh1 c5 18. Nf3 Bd7 19. Nh4 Kg8 20. a4 a5 21. Nf3
Rad8 22. Nd2 Qc6 23. Bb5 Qc7 24. c4 Bxb5 25. cxb5 b6 26. Nc4 Nd5 27. b3 Nf4
28. Rxd8 Rxd8 29. Rd1 Rd4 30. Ne2 Nxe2 31. Qxe2 Qd8 32. Rxd4 cxd4 33. Qd3 Qf6
34. Kg1 Bf8 35. g3 Bc5 36. Nd2 Qe6 37. Kg2 Qd5+ 38. f3 f5 39. g4 Kf7 40. Nf1
fxg4 41. hxg4 h5 42. gxh5 Qxh5 43. Ng3 Qe5 44. Ne4 Bd6 45. Qc4+ Ke7 46. Nxd6
Qxd6 47. Qd3 Qf6 1/2-1/2

[Event "POHÁR města Říčany 2023"]
[Site "Městské kulturní středisko U labutě"]
[Date "2023.08.29"]
[Round "5.44"]
[White "Gacho, Ondrej"]
[Black "Sboev, Kirill"]
[Result "0-1"]
[WhiteElo "1659"]
[BlackElo "1542"]
[WhiteFideId "23718102"]
[BlackFideId "23732245"]
[PlyCount "0"]
[EventDate "2023.08.26"]

1. b3 e5 2. Bb2 Nc6 3. e3 Nf6 4. Bb5 d6 5. d4 exd4 6. exd4 Bd7 7. Ne2 Be7
8. O-O O-O 9. Re1 Nb4 10. Bxd7 Qxd7 11. a3 Nc6 12. Ng3 d5 13. Nd2 Rfe8 14. Nf3
Bd6 15. Ne5 Qc8 16. Qd2 Ng4 17. Qg5 Bxe5 18. dxe5 h6 19. Qf4 Qe6 20. Qd2 Ncxe5
21. f4 Qb6+ 22. Bd4 c5 23. Bxe5 d4 24. b4 Rad8 25. Rad1 f6 26. bxc5 Qxc5
27. Bxd4 Rxe1+ 28. Qxe1 Rxd4 29. Rxd4 Qxd4+ 30. Kf1 Qxf4+ 31. Ke2 Qe5+ 32. Kd2
Qd4+ 33. Kc1 Ne3 34. Qb4 Qd1+ 35. Kb2 Qxc2+ 36. Ka1 Nc4 37. Qb1 Qc3+ 0-1

[Event "POHÁR města Říčany 2023"]
[Site "Městské kulturní středisko U labutě"]
[Date "2023.08.29"]
[Round "5.45"]
[White "Pechanek, Krystof Jan"]
[Black "Cizek, Jan"]
[Result "0-1"]
[WhiteElo "1493"]
[BlackElo "1515"]
[WhiteFideId "23719869"]
[BlackFideId "23745703"]
[PlyCount "0"]
[EventDate "2023.08.26"]

1. Nf3 Nf6 2. c4 g6 3. d4 Bg7 4. Bf4 d5 5. e3 O-O 6. Bd3 c5 7. Qc2 Nc6 8. a3
cxd4 9. exd4 dxc4 10. Qxc4 Be6 11. Qa4 Qb6 12. Nbd2 Rfd8 13. Be3 Ng4 14. Nc4
Bxc4 15. Qxc4 Nxd4 16. Ng5 e6 17. Bxd4 Rxd4 18. Qb5 Qxb5 19. Bxb5 Rd5 0-1